Statistiques concernant Effet Stroop 1 (Vous connaissez vos couleurs...?)

Cliquez ici pour prendre le quiz!

Statistiques générales

  • Ce quiz a été pris 166 fois
    (159 depuis la dernière actualisation)
  • Le résultat moyen est 26 sur 28

Statistiques - réponses

HintRéponse% Correct
BleuRouge
100%
BlancBleu
99%
RougeBleu
99%
VertJaune
99%
VertVert
99%
RougeVert
99%
NoirBleu
98%
BleuRouge
98%
JauneVert
98%
BlancBleu
97%
VertJaune
97%
NoirOrange
96%
OrangeOrange
96%
BlancJaune
95%
OrangeNoir
95%
JauneRouge
95%
RougeVert
95%
NoirNoir
94%
NoirBleu
92%
BleuNoir
92%
JauneJaune
88%
BlancVert
88%
RougeOrange
87%
BleuRouge
87%
VertBleu
86%
RougeVert
83%
NoirOrange
77%
OrangeRouge
76%

Distribution des résultats

Percentile par nombre de réponses

% des personnes avec chaque résultat

Votre développement - résultats

Vous n’avez pas pris ce quiz depuis la dernière actualisation